000 00332nam a2200145Ia 4500
100 _aDattatri/ Kayshav
942 _cBK
654 _aC++
245 _aC++ Effective Object Oriented Software Construction
260 _bPrentice Hall
_c2000
082 _a005.133'C'
_bDAT
300 _a755
546 _aENGLISH
999 _c25479
_d25479